Study Guide for use with Advanced Accountung

Na minha lista:
Detalhes bibliográficos
Autor principal: Griffin, Charles H.
Outros Autores: Williams, Thomas H., Boatsman, James R.
Formato: Livro
Idioma:inglês
Publicado em: Homewood Irwin 1991
Edição:6. ed.
Assuntos:
Tags: Adicionar Tag
Sem tags, seja o primeiro a adicionar uma tag!

MARC

LEADER 00000nam a2200000 4500
001 c000305
005 20230227122229.4
020 |a 0-256-06963-8 
041 0 |a eng 
044 |a US 
245 1 0 |a Study Guide for use with Advanced Accountung  |c Charles H. Griffin, Thomas H. Williams, James R. Boatsman 
250 |a 6. ed. 
264 1 |a Homewood  |b Irwin  |c 1991 
300 |a 372 s. 
610 2 0 |a účtovníctvo 
610 2 0 |a účty 
610 2 0 |a podnik 
610 2 0 |a nákup 
610 2 0 |a výkazy účtovné 
610 2 0 |a financie podnikové 
610 2 0 |a financie medzinárodné 
610 2 0 |a spolupráca podnikov 
610 2 0 |a operácie účtovné 
610 2 0 |a podnik štátny 
100 1 |a Griffin, Charles H. 
700 1 |a Williams, Thomas H. 
700 1 |a Boatsman, James R.